| 000 | 00708nam a2200229 a 4500 | ||
|---|---|---|---|
| 008 | |||
| 020 | _a0070479046 (pbk.) | ||
| 049 | _aMAIN | ||
| 090 | _aHD38.0315OHM | ||
| 100 | 1 | _aOhmae, Kenichi. | |
| 245 | 1 | 4 |
_aThe mind of the strategist : _bthe art of Japanese business / _cKenichi Ohmae. |
| 260 |
_aNew York : _bMcGraw-Hill, _cc1982. |
||
| 300 |
_axiii, 283 p. : _bill. ; _c21 cm. |
||
| 500 | _aIncludes index. | ||
| 650 | 0 |
_aManagement _zJapan. |
|
| 653 |
_aJapan _aBusiness firms _aManagement - For Western businessmen. |
||
| 907 |
_a.b10150006 _b28-03-06 _c02-02-05 |
||
| 003 | |||
| 005 | 20230123133918.0 | ||
| 040 | _cNUST | ||
| 942 |
_cBOOKS _kHD38.0315OHM |
||
| 999 |
_c156773 _d156773 |
||